[Event "Skalica Rapid 2020"]
[Site "Skalica"]
[Date "2020.08.29"]
[Round "5.11"]
[White "Panko Radoslav"]
[Black "Skreno Vladimir"]
[Result "1/2-1/2"]
[WhiteElo "1913"]
[BlackElo "2089"]
[Annotator "ChessBase"]
[PlyCount "133"]
[EventDate "2020.08.29"]
[EventType "swiss"]
[EventCountry "SVK"]
[SourceTitle "playchess.com"]
[Source "ChessBase"]
[SourceQuality "1"]
[TimeControl "600+5"]

1. e4 {[%emt 0:00:00]} c5 {[%emt 0:00:05]} 2. Nc3 {[%emt 0:00:00]} Nc6 {[%emt 0:00:03]} 3. f4 {[%emt 0:00:01]} g6 {[%emt 0:00:06]} 4. Nf3 {[%emt 0:00:02]} Bg7 {[%emt 0:00:01]} 5. Bb5 {[%emt 0:00:01]} Nd4 {[%emt 0:00:11]} 6. Bd3 {[%emt 0:00:01]} e6 {[%emt 0:00:11]} 7. Nxd4 {[%emt 0:00:02]} cxd4 {[%emt 0:00:14]} 8. Nb5 {[%emt 0:00:02]} d6 {[%emt 0:00:11]} 9. c3 {[%emt 0:00:01]} dxc3 {[%emt 0:00:49]} 10. bxc3 {[%emt 0:00:49]} Ne7 {[%emt 0:01:14]} 11. Ba3 {[%emt 0:00:18]} O-O {[%emt 0:00:06]} 12. Nxd6 {[%emt 0:00:06]} Re8 {[%emt 0:00:17]} 13. Bb5 {[%emt 0:00:14]} Nc6 {[%emt 0:00:04]} 14. Nxe8 {[%emt 0:00:24]} Qxe8 {[%emt 0:00:06]} 15. O-O {[%emt 0:00:17]} a6 {[%emt 0:00:02]} 16. Be2 {[%emt 0:00:09]} b5 {[%emt 0:00:11]} 17. Bc5 {[%emt 0:00:11]} Bb7 {[%emt 0:00:06]} 18. d4 {[%emt 0:00:25]} Rd8 {[%emt 0:00:07]} 19. a4 {[%emt 0:00:08]} b4 {[%emt 0:00:16]} 20. e5 {[%emt 0:00:42]} bxc3 {[%emt 0:00:08]} 21. Qd3 {[%emt 0:00:08]} c2 {[%emt 0:00:30]} 22. Qxc2 {[%emt 0:00:35]} Nxd4 {[%emt 0:00:32]} 23. Bxd4 {[%emt 0:00:05]} Rxd4 {[%emt 0:00:01]} 24. Qc7 {[%emt 0:00:09]} Bd5 {[%emt 0:00:25]} 25. Bxa6 {[%emt 0:00:34]} Rxa4 {[%emt 0:00:07]} 26. Qc8 {[%emt 0:00:26]} Qxc8 {[%emt 0:00:14]} 27. Bxc8 {[%emt 0:00:01]} Rc4 {[%emt 0:00:11]} 28. Ba6 {[%emt 0:00:09]} Rc2 {[%emt 0:00:12]} 29. Rf2 {[%emt 0:00:04]} Rc7 {[%emt 0:00:05]} 30. Re2 {[%emt 0:00:40]} Ra7 {[%emt 0:00:12]} 31. Ree1 {[%emt 0:00:12]} Bf8 {[%emt 0:00:07]} 32. Be2 {[%emt 0:00:09]} Rc7 {[%emt 0:00:22]} 33. Rac1 {[%emt 0:00:18]} Ra7 {[%emt 0:00:05]} 34. Bf3 {[%emt 0:00:22]} Bxf3 {[%emt 0:00:17]} 35. gxf3 {[%emt 0:00:02]} Ra4 {[%emt 0:00:12]} 36. Re4 {[%emt 0:00:02]} Ra2 {[%emt 0:00:02]} 37. Rec4 {[%emt 0:00:22]} Bh6 {[%emt 0:00:03]} 38. Rf1 {[%emt 0:00:18]} Bf8 {[%emt 0:00:19]} 39. Rf2 {[%emt 0:00:11]} Ra5 {[%emt 0:01:12]} 40. Kg2 {[%emt 0:00:09]} Bc5 {[%emt 0:00:08]} 41. Re2 {[%emt 0:00:37]} Bb6 {[%emt 0:00:07]} 42. Kg3 {[%emt 0:00:26]} Kg7 {[%emt 0:00:11]} 43. Rb2 {[%emt 0:00:26]} Be3 {[%emt 0:00:24]} 44. Rb3 {[%emt 0:00:14]} Bg1 {[%emt 0:00:14]} 45. Rb1 {[%emt 0:00:32]} Be3 {[%emt 0:00:22]} 46. Rb3 {[%emt 0:00:01]} Bg1 {[%emt 0:00:01]} 47. Kg2 {[%emt 0:00:20]} Rc5 {[%emt 0:00:22]} 48. Rxc5 {[%emt 0:00:25]} Bxc5 {[%emt 0:00:01]} 49. Rb7 {[%emt 0:00:10]} h5 {[%emt 0:00:11]} 50. h3 {[%emt 0:00:19]} Be3 {[%emt 0:00:02]} 51. Kg3 {[%emt 0:00:04]} Bd2 {[%emt 0:00:02]} 52. Rd7 {[%emt 0:00:08]} Be1+ {[%emt 0:00:03]} 53. Kg2 {[%emt 0:00:04]} Ba5 {[%emt 0:00:03]} 54. Kf2 {[%emt 0:00:09]} Bb6+ {[%emt 0:00:04]} 55. Ke2 {[%emt 0:00:03]} Bc5 {[%emt 0:00:05]} 56. Kd3 {[%emt 0:00:14]} Bb6 {[%emt 0:00:00]} 57. Kc4 {[%emt 0:00:20]} Be3 {[%emt 0:00:05]} 58. Kd3 {[%emt 0:00:39]} Bxf4 {[%emt 0:00:02]} 59. Ke4 {[%emt 0:00:02]} Bg3 {[%emt 0:00:11]} 60. Rd1 {[%emt 0:00:16]} g5 {[%emt 0:00:14]} 61. Rg1 {[%emt 0:00:23]} h4 {[%emt 0:00:07]} 62. Rg2 {[%emt 0:00:16]} Kg6 {[%emt 0:00:01]} 63. Re2 {[%emt 0:00:03]} Bf4 {[%emt 0:00:05]} 64. Rg2 {[%emt 0:00:04]} Bg3 {[%emt 0:00:14]} 65. Ra2 {[%emt 0:00:03]} Bf4 {[%emt 0:00:10]} 66. Ra8 {[%emt 0:00:09]} Kg7 {[%emt 0:00:16]} 67. Rc8 {[%emt 0:00:11]} 1/2-1/2

[Event "Skalica Rapid 2020"]
[Site "Skalica"]
[Date "2020.08.29"]
[Round "5.11"]
[White "Blaha, Tomas S"]
[Black "Tupy, Emil"]
[Result "0-1"]
[WhiteElo "1089"]
[BlackElo "1538"]
[Annotator "NA"]
[PlyCount "62"]
[EventDate "2020.08.29"]
[EventType "swiss"]
[EventCountry "SVK"]
[SourceTitle "playchess.com"]
[Source "ChessBase"]
[SourceQuality "1"]
[TimeControl "600+5"]

1. e4 {[%emt 0:00:00]} e6 {[%emt 0:00:00]} 2. d4 {[%emt 0:00:00]} d5 {[%emt 0:00:00]} 3. Nc3 {[%emt 0:00:10]} c6 {[%emt 0:00:01]} 4. exd5 {[%emt 0:00:24]} cxd5 {[%emt 0:00:05]} 5. Bb5+ {[%emt 0:00:12]} Nc6 {[%emt 0:00:03]} 6. Nf3 {[%emt 0:00:08]} Bd6 {[%emt 0:00:09]} 7. O-O {[%emt 0:00:13]} Nge7 {[%emt 0:00:03]} 8. Bg5 f6 {[%emt 0:00:08]} 9. Be3 {[%emt 0:00:26]} O-O {[%emt 0:00:07]} 10. Qd2 {[%emt 0:00:49]} a6 {[%emt 0:00:05]} 11. Bxc6 {[%emt 0:00:03]} bxc6 {[%emt 0:00:05]} 12. Rfe1 {[%emt 0:01:02]} Nf5 {[%emt 0:00:02]} 13. Bf4 {[%emt 0:00:08]} Qc7 {[%emt 0:00:25]} 14. Na4 {[%emt 0:01:07]} Bxf4 {[%emt 0:00:06]} 15. Qb4 {[%emt 0:00:43]} Bd6 {[%emt 0:00:22]} 16. Qb6 {[%emt 0:00:13]} Qxb6 {[%emt 0:00:10]} 17. Nxb6 {[%emt 0:00:02]} Rb8 {[%emt 0:00:04]} 18. Nxc8 {[%emt 0:00:05]} Rfxc8 {[%emt 0:00:02]} 19. b3 {[%emt 0:00:24]} Re8 {[%emt 0:00:17]} 20. c3 {[%emt 0:00:33]} e5 {[%emt 0:00:05]} 21. dxe5 {[%emt 0:00:08]} fxe5 {[%emt 0:00:02]} 22. g4 {[%emt 0:00:34]} Nh6 {[%emt 0:00:17]} 23. Rad1 {[%emt 0:00:37]} Nxg4 {[%emt 0:00:04]} 24. h3 {[%emt 0:00:14]} Nh6 {[%emt 0:00:22]} 25. Nh4 {[%emt 0:00:31]} e4 {[%emt 0:00:12]} 26. c4 {[%emt 0:00:06]} g5 {[%emt 0:00:14]} 27. Ng2 {[%emt 0:00:53]} Re5 {[%emt 0:00:14]} 28. h4 {[%emt 0:00:17]} Rbe8 {[%emt 0:00:21]} 29. hxg5 {[%emt 0:00:13]} Rxg5 {[%emt 0:00:04]} 30. f4 {[%emt 0:00:04]} Bxf4 {[%emt 0:00:16]} 31. Rf1 {[%emt 0:00:31]} Be3+ {[%emt 0:00:10]} 0-1

[Event "Skalica Rapid 2020"]
[Site "Skalica"]
[Date "2020.08.29"]
[Round "5.12"]
[White "Bidulsky, Matej"]
[Black "O`gorman Tom"]
[Result "0-1"]
[WhiteElo "1548"]
[BlackElo "2027"]
[Annotator "ChessBase"]
[PlyCount "60"]
[EventDate "2020.08.29"]
[EventType "swiss"]
[EventCountry "SVK"]
[SourceTitle "playchess.com"]
[Source "ChessBase"]
[SourceQuality "1"]
[TimeControl "600+5"]

1. e4 {[%emt 0:00:00]} c5 {[%emt 0:00:00]} 2. Bc4 {[%emt 0:00:00]} d6 {[%emt 0:00:01]} 3. Nf3 {[%emt 0:00:01]} Nf6 {[%emt 0:00:01]} 4. Nc3 {[%emt 0:00:01]} a6 {[%emt 0:00:01]} 5. a4 {[%emt 0:00:01]} e6 {[%emt 0:00:03]} 6. d4 {[%emt 0:00:02]} cxd4 {[%emt 0:00:02]} 7. Nxd4 {[%emt 0:00:01]} Be7 {[%emt 0:00:08]} 8. Bg5 {[%emt 0:00:02]} Nc6 {[%emt 0:00:06]} 9. O-O {[%emt 0:00:04]} O-O {[%emt 0:00:02]} 10. Re1 {[%emt 0:00:02]} Bd7 {[%emt 0:00:02]} 11. Nxc6 {[%emt 0:00:03]} Bxc6 {[%emt 0:00:08]} 12. Bd3 {[%emt 0:00:12]} Rc8 {[%emt 0:00:03]} 13. e5 {[%emt 0:00:11]} dxe5 {[%emt 0:00:01]} 14. Rxe5 {[%emt 0:00:02]} h6 {[%emt 0:00:04]} 15. Bh4 {[%emt 0:00:03]} Qc7 {[%emt 0:00:09]} 16. Qe2 {[%emt 0:00:05]} Rfd8 {[%emt 0:00:07]} 17. Re1 {[%emt 0:00:49]} Rd4 {[%emt 0:00:17]} 18. Bg3 {[%emt 0:00:36]} Bd6 {[%emt 0:00:05]} 19. Re3 {[%emt 0:00:02]} Bxa4 {[%emt 0:00:15]} 20. Nxa4 {[%emt 0:00:07]} Rxa4 {[%emt 0:00:02]} 21. b3 {[%emt 0:00:37]} Rd4 {[%emt 0:00:18]} 22. Bxd6 {[%emt 0:00:16]} Qxd6 {[%emt 0:00:05]} 23. Rg3 {[%emt 0:00:01]} b5 {[%emt 0:00:37]} 24. Qf3 {[%emt 0:00:07]} Rf4 {[%emt 0:00:03]} 25. Qb7 {[%emt 0:00:09]} Rb8 {[%emt 0:00:04]} 26. Rxe6 {[%emt 0:00:17]} Qd8 {[%emt 0:01:13]} 27. Qa7 {[%emt 0:00:30]} Nh5 {[%emt 0:00:09]} 28. Rxa6 {[%emt 0:02:31]} Nxg3 {[%emt 0:00:03]} 29. hxg3 {[%emt 0:00:02]} Rf6 {[%emt 0:00:09]} 30. Qe3 {[%emt 0:00:10]} Rxa6 {[%emt 0:00:04]} 0-1

[Event "Skalica Rapid 2020"]
[Site "Skalica"]
[Date "2020.08.29"]
[Round "5.12"]
[White "Gurevich, Michele"]
[Black "Janas, Peter"]
[Result "0-1"]
[WhiteElo "1107"]
[BlackElo "1562"]
[Annotator "NA RC"]
[PlyCount "120"]
[EventDate "2020.08.29"]
[EventType "swiss"]
[EventCountry "SVK"]
[SourceTitle "playchess.com"]
[Source "ChessBase"]
[SourceQuality "1"]
[TimeControl "600+5"]

1. e4 {[%emt 0:00:00]} Nf6 {[%emt 0:00:13]} 2. e5 {[%emt 0:00:00]} Nd5 {[%emt 0:00:01]} 3. Nc3 {[%emt 0:00:08]} Nxc3 {[%emt 0:00:08]} 4. dxc3 {[%emt 0:00:04]} d6 {[%emt 0:00:02]} 5. Nf3 {[%emt 0:00:08]} g6 6. Bc4 {[%emt 0:00:27]} Bg7 {[%emt 0:00:37]} 7. exd6 {[%emt 0:01:16]} cxd6 {[%emt 0:00:14]} 8. O-O {[%emt 0:00:53]} O-O {[%emt 0:00:07]} 9. Re1 {[%emt 0:00:49]} Nd7 {[%emt 0:00:29]} 10. Ng5 {[%emt 0:00:30]} Ne5 {[%emt 0:01:13]} 11. Bb3 {[%emt 0:01:59]} h6 {[%emt 0:00:07]} 12. Nf3 {[%emt 0:00:12]} Bg4 13. Bd5 {[%emt 0:00:31]} Qb6 {[%emt 0:01:57]} 14. Be3 {[%emt 0:01:42]} Qxb2 {[%emt 0:00:34]} 15. Rb1 {[%emt 0:00:20]} Qxc3 {[%emt 0:00:12]} 16. Bd4 {[%emt 0:00:24]} Nxf3+ {[%emt 0:00:34]} 17. Bxf3 {[%emt 0:00:18]} Qxd4 {[%emt 0:01:24]} 18. Qxd4 {[%emt 0:00:06]} Bxd4 {[%emt 0:00:03]} 19. Bxg4 {[%emt 0:00:05]} e6 {[%emt 0:00:27]} 20. Red1 {[%emt 0:00:16]} Bc5 {[%emt 0:00:14]} 21. Rxb7 {[%emt 0:00:38]} Rab8 {[%emt 0:00:07]} 22. Rxb8 {[%emt 0:00:20]} Rxb8 {[%emt 0:00:03]} 23. h3 {[%emt 0:00:08]} Rb2 {[%emt 0:00:06]} 24. Rc1 {[%emt 0:00:08]} Rxa2 {[%emt 0:00:05]} 25. Kh2 {[%emt 0:00:04]} Bxf2 {[%emt 0:00:08]} 26. Kh1 {[%emt 0:00:03]} d5 {[%emt 0:00:13]} 27. Kh2 {[%emt 0:00:01]} d4 {[%emt 0:00:06]} 28. Kh1 {[%emt 0:00:02]} Be3 {[%emt 0:00:04]} 29. Re1 {[%emt 0:00:06]} Rxc2 {[%emt 0:00:03]} 30. Rd1 {[%emt 0:00:08]} Rc1 {[%emt 0:00:08]} 31. Rxc1 {[%emt 0:00:05]} Bxc1 {[%emt 0:00:02]} 32. Kg1 {[%emt 0:00:01]} Kf8 {[%emt 0:00:05]} 33. Kf2 {[%emt 0:00:01]} Ke7 {[%emt 0:00:01]} 34. Ke2 {[%emt 0:00:01]} Kd6 {[%emt 0:00:02]} 35. Kd3 {[%emt 0:00:01]} e5 {[%emt 0:00:07]} 36. Kc4 {[%emt 0:00:02]} f5 {[%emt 0:00:06]} 37. Bf3 {[%emt 0:00:03]} Be3 {[%emt 0:00:05]} 38. Kb5 {[%emt 0:00:04]} e4 {[%emt 0:00:03]} 39. Be2 {[%emt 0:00:03]} Ke5 {[%emt 0:00:06]} 40. Kc4 {[%emt 0:00:06]} d3 {[%emt 0:00:04]} 41. Bxd3 {[%emt 0:00:06]} exd3 {[%emt 0:00:02]} 42. Kxd3 {[%emt 0:00:02]} f4 {[%emt 0:00:05]} 43. g3 {[%emt 0:00:08]} g5 {[%emt 0:00:01]} 44. h4 {[%emt 0:00:04]} Bb6 {[%emt 0:00:08]} 45. Ke2 {[%emt 0:00:21]} fxg3 {[%emt 0:00:04]} 46. Kf3 {[%emt 0:00:01]} Bf2 {[%emt 0:00:03]} 47. Kg2 {[%emt 0:00:02]} Kf4 {[%emt 0:00:02]} 48. hxg5 {[%emt 0:00:04]} hxg5 {[%emt 0:00:02]} 49. Kf1 {[%emt 0:00:01]} a5 {[%emt 0:00:03]} 50. Kg2 {[%emt 0:00:04]} a4 {[%emt 0:00:01]} 51. Kf1 {[%emt 0:00:02]} a3 {[%emt 0:00:01]} 52. Kg2 {[%emt 0:00:01]} a2 {[%emt 0:00:02]} 53. Kf1 {[%emt 0:00:02]} a1=Q+ {[%emt 0:00:03]} 54. Kg2 {[%emt 0:00:03]} Qa8+ {[%emt 0:00:08]} 55. Kf1 {[%emt 0:00:04]} g2+ {[%emt 0:00:05]} 56. Kxf2 {[%emt 0:00:02]} g4 {[%emt 0:00:04]} 57. Kg1 {[%emt 0:00:03]} Qa1+ {[%emt 0:00:07]} 58. Kxg2 {[%emt 0:00:03]} Qa2+ {[%emt 0:00:01]} 59. Kg1 {[%emt 0:00:03]} Kf3 {[%emt 0:00:02]} 60. Kf1 {[%emt 0:00:03]} Qf2# {[%emt 0:00:07]} 0-1

[Event "Skalica Rapid 2020"]
[Site "Skalica"]
[Date "2020.08.29"]
[Round "5.13"]
[White "Stevik Patrik"]
[Black "Jancovic, Peter"]
[Result "0-1"]
[WhiteElo "1895"]
[BlackElo "2271"]
[Annotator "TA"]
[PlyCount "82"]
[EventDate "2020.08.29"]
[EventType "swiss"]
[EventCountry "SVK"]
[SourceTitle "playchess.com"]
[Source "ChessBase"]
[SourceQuality "1"]

{[%evp 9,82,-39,11,8,25,-20,19,-29,2,-16,22,-2,13,0,0,-8,0,-3,0,0,3,18,7,24,18,23,21,-48,-15,-91,-52,-76,0,-27,8,-35,-25,-22,-17,-110,-35,-85,-35,-16,-23,-310,-310,-297,-289,-313,-268,-288,-286,-286,-264,-329,-328,-316,-87,-289,-280,-29994,-29995,-29995,-29996,-29996,-29985,-29983,-12843,-29995,-29996,-29997,-29997,-29997,-29996]} 1. b3 c5 2. Bb2 Nc6 3. e3 Nf6 4. Be2 e5 5. c4 {[#]} d6 $146 ({Predecessor:} 5... d5 6. Nf3 e4 7. Ne5 Nxe5 8. Bxe5 Bd6 9. Bxd6 Qxd6 10. O-O O-O 11. Na3 a6 12. cxd5 Nxd5 13. Nc4 {½-½ (13) Riedl,E-Stubauer,L (1807) Steyr 2009}) 6. Nc3 {A01: Nimzowitsch-Larsen Opening.} Be7 7. d3 O-O 8. Nf3 {The position is equal.} Re8 9. O-O Bf8 10. h3 a6 11. Re1 Rb8 12. a4 Nb4 13. Bf1 g6 14. d4 exd4 15. exd4 Rxe1 16. Nxe1 Bf5 17. g4 Bd7 18. d5 (18. Qd2 $11) 18... Bg7 19. Bg2 (19. Na2 $11) 19... Qe7 20. Qd2 h6 (20... h5 $17 21. g5 Nh7) 21. Nf3 b5 22. Re1 Qf8 23. axb5 axb5 24. g5 (24. Bf1 $11) 24... Nh5 ({Black should try} 24... Nh7 $17 25. gxh6 (25. Nxb5 $2 Bxb2 26. Qxb2 Nd3 $19) 25... Bxh6) 25. cxb5 Bxb5 26. Nxb5 {Black must now prevent Bxg7.} Bxb2 {[%mdl 64] Overworked Piece} 27. Qxb2 $4 {[%mdl 8192] White is now going downhill.} (27. Na7 $1 $11 {and White stays safe.}) 27... Nd3 $1 $19 {[%cal Rd3b2][%mdl 64] Double Attack} 28. Qe2 Nhf4 {[%mdl 64] Double Attack} ({Inferior is} 28... Nxe1 29. Nxe1 hxg5 30. Bf1 $11) 29. Qf1 Rxb5 30. Re3 Rxb3 {Strongly threatening ...Rc3.} 31. Qd1 Qb8 {Threatens to win with ...Rb1.} 32. Bf1 Rb1 33. Qa4 {And now Re8+ would win.} Kh7 $2 ({Not} 33... Qb2 34. Qe8+ Kg7 35. gxh6+ Kxh6 36. Rxd3 $1 $17 {[%mdl 512]}) (33... Kg7 $19 {and Black stays clearly on top.} 34. gxh6+ Kxh6) 34. Nd2 $2 {[#]} (34. Re7 $17 {was necessary.} Kg7 35. Qd7 Rxf1+ 36. Kxf1) 34... Qb2 $1 {[%mdl 512]} 35. Qd7 $2 {[#]} (35. Qe8 $19 Rxf1+ 36. Kxf1 Qa1+ 37. Re1 Qxe1+ 38. Qxe1 Nxe1 39. Kxe1) 35... Rxf1+ $1 {[%mdl 576] Double Attack} 36. Kh2 (36. Nxf1 Qxf2+) 36... Rxf2+ {[%mdl 64] Double Attack} 37. Kg3 Rxd2 38. Qxf7+ Qg7 39. Qe8 Nh5+ {Black mates.} 40. Kg4 Qd4+ 41. Qe4 Nf2+ {[%mdl 64] Pin. Accuracy: White = 44%, Black = 55%.} 0-1

[Event "Skalica Rapid 2020"]
[Site "Skalica"]
[Date "2020.08.29"]
[Round "5.14"]
[White "Takacs Laszlo"]
[Black "Nemsak Denis"]
[Result "1-0"]
[WhiteElo "2128"]
[BlackElo "1869"]
[Annotator "ChessBase"]
[PlyCount "57"]
[EventDate "2020.08.29"]
[EventType "swiss"]
[EventCountry "SVK"]
[SourceTitle "playchess.com"]
[Source "ChessBase"]
[SourceQuality "1"]
[TimeControl "600+5"]

1. e4 {[%emt 0:00:00]} d5 {[%emt 0:01:01]} 2. exd5 {[%emt 0:00:00]} Nf6 {[%emt 0:00:01]} 3. d4 {[%emt 0:00:04]} Nxd5 {[%emt 0:00:05]} 4. Nf3 {[%emt 0:00:12]} g6 {[%emt 0:00:00]} 5. Bd3 {[%emt 0:00:16]} Bg7 {[%emt 0:00:00]} 6. h3 {[%emt 0:00:02]} O-O {[%emt 0:00:00]} 7. O-O {[%emt 0:00:01]} Nc6 {[%emt 0:00:02]} 8. c3 {[%emt 0:00:02]} e5 {[%emt 0:00:03]} 9. dxe5 {[%emt 0:00:07]} Nxe5 {[%emt 0:00:06]} 10. Bc2 {[%emt 0:00:17]} c6 {[%emt 0:00:09]} 11. Nbd2 {[%emt 0:00:10]} h6 {[%emt 0:00:24]} 12. Ne4 {[%emt 0:00:12]} b6 {[%emt 0:00:12]} 13. Nxe5 {[%emt 0:00:07]} Bxe5 {[%emt 0:00:05]} 14. Bxh6 {[%emt 0:00:03]} Re8 {[%emt 0:00:05]} 15. Qf3 {[%emt 0:00:23]} Bh8 {[%emt 0:00:15]} 16. Rad1 {[%emt 0:00:13]} Qh4 {[%emt 0:00:05]} 17. Bg5 {[%emt 0:00:11]} Qh5 {[%emt 0:00:18]} 18. g4 {[%emt 0:00:43]} Qh7 {[%emt 0:00:09]} 19. Rfe1 {[%emt 0:02:22]} Be6 {[%emt 0:00:04]} 20. Nd6 {[%emt 0:00:10]} Rf8 {[%emt 0:00:13]} 21. h4 {[%emt 0:00:15]} Bd7 {[%emt 0:01:33]} 22. h5 {[%emt 0:00:19]} f5 {[%emt 0:00:45]} 23. Rxd5 {[%emt 0:00:56]} fxg4 {[%emt 0:00:20]} 24. hxg6 {[%emt 0:00:31]} Qh5 {[%emt 0:00:31]} 25. Qg2 {[%emt 0:00:18]} Rf3 {[%emt 0:01:17]} 26. Rde5 {[%emt 0:00:53]} Bxe5 {[%emt 0:00:39]} 27. Rxe5 {[%emt 0:00:02]} Raf8 {[%emt 0:00:04]} 28. Bb3+ {[%emt 0:00:08]} Kh8 {[%emt 0:00:04]} 29. Bf6+ {[%emt 0:00:05]} 1-0

[Event "Skalica Rapid 2020"]
[Site "Skalica"]
[Date "2020.08.29"]
[Round "5.15"]
[White "Kaplan, Milan"]
[Black "Danada, Tomas"]
[Result "0-1"]
[WhiteElo "1762"]
[BlackElo "2122"]
[Annotator "ChessBase"]
[PlyCount "64"]
[EventDate "2020.08.29"]
[EventType "swiss"]
[EventCountry "SVK"]
[SourceTitle "playchess.com"]
[Source "ChessBase"]
[SourceQuality "1"]
[TimeControl "600+5"]

1. e4 {[%emt 0:00:22]} g6 {[%emt 0:00:00]} 2. d4 {[%emt 0:00:01]} Bg7 {[%emt 0:00:00]} 3. Nc3 {[%emt 0:00:01]} a6 {[%emt 0:00:00]} 4. f4 {[%emt 0:00:05]} d5 {[%emt 0:00:00]} 5. e5 {[%emt 0:00:22]} Nh6 {[%emt 0:00:02]} 6. Nf3 {[%emt 0:00:10]} Bg4 {[%emt 0:00:02]} 7. Be3 {[%emt 0:00:19]} f6 {[%emt 0:00:05]} 8. h3 {[%emt 0:01:51]} Bxf3 {[%emt 0:00:02]} 9. Qxf3 {[%emt 0:00:10]} e6 {[%emt 0:00:26]} 10. g4 {[%emt 0:00:28]} O-O {[%emt 0:00:07]} 11. Qg3 {[%emt 0:00:25]} fxe5 {[%emt 0:00:09]} 12. fxe5 {[%emt 0:00:11]} c5 {[%emt 0:00:01]} 13. h4 {[%emt 0:01:02]} Nc6 {[%emt 0:00:04]} 14. h5 {[%emt 0:02:18]} cxd4 {[%emt 0:00:07]} 15. hxg6 {[%emt 0:00:03]} dxe3 {[%emt 0:00:01]} 16. gxh7+ {[%emt 0:00:03]} Kh8 {[%emt 0:00:02]} 17. Bd3 {[%emt 0:00:56]} Nxe5 {[%emt 0:00:11]} 18. g5 {[%emt 0:00:17]} Nf3+ {[%emt 0:00:09]} 19. Ke2 {[%emt 0:00:16]} Nd4+ {[%emt 0:00:02]} 20. Kd1 {[%emt 0:00:15]} Nhf5 {[%emt 0:00:02]} 21. Bxf5 {[%emt 0:00:09]} Nxf5 {[%emt 0:00:01]} 22. Qg4 {[%emt 0:00:10]} Rc8 {[%emt 0:00:03]} 23. Ne2 {[%emt 0:00:23]} Bxb2 {[%emt 0:00:13]} 24. Rb1 {[%emt 0:00:13]} Bg7 {[%emt 0:00:03]} 25. Nf4 {[%emt 0:00:06]} Qe8 {[%emt 0:00:19]} 26. Rxb7 {[%emt 0:00:30]} e5 {[%emt 0:00:19]} 27. Nh5 {[%emt 0:00:18]} Rxc2 {[%emt 0:00:21]} 28. Nf6 {[%emt 0:00:24]} Rd2+ {[%emt 0:00:07]} 29. Ke1 {[%emt 0:00:14]} Qc6 {[%emt 0:00:02]} 30. Rb1 {[%emt 0:00:18]} Qc2 {[%emt 0:00:06]} 31. Rd1 {[%emt 0:00:08]} Nd4 {[%emt 0:00:28]} 32. Rh3 {[%emt 0:00:03]} e2 {[%emt 0:00:12]} 0-1

[Event "Skalica Rapid 2020"]
[Site "Skalica"]
[Date "2020.08.29"]
[Round "5.16"]
[White "Pekar Matus"]
[Black "Bombek, Peter"]
[Result "0-1"]
[WhiteElo "1575"]
[BlackElo "2090"]
[Annotator "TA"]
[PlyCount "70"]
[EventDate "2020.08.29"]
[EventType "swiss"]
[EventCountry "SVK"]
[SourceTitle "playchess.com"]
[Source "ChessBase"]
[SourceQuality "1"]

{[%evp 9,70,19,30,-52,-41,-72,6,13,37,31,94,-18,54,-108,-47,-32,-33,-37,-33,-68,-88,-115,-59,-85,-79,-154,-83,-103,-5,-41,0,-116,7,0,0,0,85,-1088,47,-1053,32,-18,-25,-1228,-1218,-1202,-1162,-1581,-1846,-1622,-1450,-1408,-1392,-2389,-1625,-29993,-29994,-29994,-29995,-29995,-29996,-29996,-29996]} 1. e4 e6 2. d4 d5 3. Nd2 Be7 4. e5 c5 5. c3 Nc6 6. Qg4 {C03: French Tarrasch: Unusual Black 3rd moves.} (6. Bd3 $11) 6... Bf8 {[#]} 7. Ngf3 $146 ({Predecessor:} 7. Bd3 Nh6 8. Qf4 cxd4 9. cxd4 Nb4 10. Bb1 Bd7 11. Ne2 Bb5 12. Qf3 Qb6 13. O-O {0-1 (27) Zakhartsov,V (2470)-Savenkov,K (2324) Moscow 2017}) 7... h5 (7... cxd4 $17 8. cxd4 Nh6) 8. Qf4 $11 {The position is equal.} Nge7 9. Bd3 Nf5 (9... cxd4 $14 10. Nxd4 Nxd4 11. Qxd4 (11. cxd4 Qb6 $14) 11... g6) 10. h4 (10. Bxf5 $16 exf5 11. dxc5) 10... g6 (10... cxd4 $11 11. cxd4 Nb4 12. Bxf5 exf5) 11. b3 $2 (11. dxc5 $1 $14 a5 12. O-O) 11... Bh6 ({Better is} 11... Qa5 $17 12. Bb2 cxd4 13. cxd4 Nb4) 12. Ng5 $15 cxd4 13. cxd4 Ncxd4 14. Bb2 Qb6 15. O-O Bd7 (15... Qb4 $1 $17 {Threatens to win with ...Ne2+!} 16. Bxd4 Qxd4 17. Qxd4 Nxd4) 16. Rac1 O-O 17. g4 (17. Rfd1 $142) 17... hxg4 (17... Qb4 $142 $1 {...Ne2+! is the strong threat.} 18. Bxd4 (18. gxf5 $2 Ne2+ {[%mdl 64] Discovered Attack} 19. Bxe2 Qxf4 $19) 18... Nxd4) 18. Qxg4 $17 Rac8 (18... a6 $17 {Black wants to play ...Bb5.} 19. Rcd1 Bb5 20. Bxd4 Nxd4) 19. Rxc8 $1 $11 Rxc8 20. h5 (20. Bxd4 $1 $11 Qxd4 21. Bxf5 Qxd2 22. Nxf7 $1 {[%mdl 512]} exf5 23. Qxg6+ {[%mdl 64] Double Attack} Bg7 24. Ng5) 20... Kg7 (20... Bb5 $17 21. Bxb5 Nxb5) 21. hxg6 fxg6 22. Kg2 Qd8 (22... Bxg5 $11 {remains equal.} 23. Qxg5 Qd8 24. Qf6+ Qxf6 25. exf6+ Kg8) 23. f4 $2 {[%mdl 8192]} (23. Ndf3 $16 Nxf3 24. Nxf3) 23... Qe7 $2 (23... Ne3+ $19 24. Kg3 Nxg4 25. Bxd4 {[#]} Ne3 $1 {[%mdl 512]}) 24. Rh1 $2 {[%mdl 8192]} (24. Bxd4 $14 Nxd4 25. Rh1 Bxg5 26. fxg5) 24... Rh8 $2 ({Black should play} 24... Ne3+ $19 25. Kg3 Nxg4 26. Bxd4 Bxg5) 25. Rh3 (25. Bxd4 $5 Nxd4 26. Bxg6 Bxg5 27. Rxh8 Kxh8 28. fxg5 $14) 25... Bxg5 26. Rxh8 $4 {[%mdl 8192]} (26. Bxd4 $11 Rxh3 27. Kxh3 Nxd4 28. fxg5) 26... Ne3+ $19 {[%mdl 64] Double Attack, Zwischenzug} ({Not} 26... Kxh8 27. Qxg5 Qxg5+ 28. fxg5 $15) 27. Kg3 Nxg4 28. Kxg4 Kxh8 29. Bxd4 Bh6 30. Nf3 Be8 31. Nh4 {[#]} Bxf4 $1 {White must now prevent ...Qg5+.} 32. Bxg6 (32. Kxf4 Qxh4+) 32... Qg5+ {[%mdl 64] Double Attack. Black mates.} 33. Kf3 Qg3+ 34. Ke2 Bb5+ 35. Kd1 Qxh4 {Accuracy: White = 28%, Black = 28%.} 0-1